[Event "SK Gries-Groeden"]
[Site "?"]
[Date "2012.11.10"]
[Round "2.6"]
[White "Zammarchi, Massimo"]
[Black "Prinoth, Franz"]
[Result "1-0"]
[WhiteElo "1900"]
[BlackElo "1772"]
[PlyCount "153"]
[EventDate "2012.??.??"]

1. e4 e5 2. Nf3 Nc6 3. Bc4 Bc5 4. c3 Bb6 5. d4 Qe7 6. O-O Nf6 7. Bg5 d6 8. a4
a6 9. a5 Ba7 10. Re1 O-O 11. d5 Nd8 12. Nbd2 h6 13. Bxf6 Qxf6 14. Nf1 Bg4 15.
Be2 c6 16. c4 cxd5 17. cxd5 Rc8 18. Qd3 Qf4 19. g3 Qf6 20. Kg2 Qe7 21. Nh4 Bd7
22. Ne3 g6 23. Rac1 Bc5 24. Ra1 Bb4 25. Reb1 Kh7 26. Bg4 f6 27. Bxd7 Qxd7 28.
Nc2 Bc5 29. b4 Ba7 30. Ne3 Nf7 31. Rc1 Bd4 32. Rab1 Qa4 33. Nf3 Ba7 34. Rc4 Ng5
35. Rbc1 Qd7 36. Nxg5+ hxg5 37. h3 Kg7 38. Qc3 Bd4 39. Qc2 Rxc4 40. Qxc4 Rf7
41. Qc8 Qb5 42. Qd8 Qd7 43. Rc8 Qxd8 44. Rxd8 Bc3 45. Nc2 Rc7 46. Rxd6 Bd2 47.
Ne3 Bxb4 48. Rd8 Bxa5 49. d6 Rf7 50. Rb8 Rd7 51. Nc4 Bb4 52. Nb6 Rxd6 53. Rxb7+
Kh6 54. Nc4 Rd4 55. Rxb4 Rxe4 56. Ra4 f5 57. Kf3 Rd4 58. g4 f4 59. Nb6 Rxa4 60.
Nxa4 Kg7 61. Ke4 Kf6 62. f3 a5 63. Kd5 e4 64. Kxe4 Ke6 65. Kd4 Kd6 66. Kc4 Kc6
67. Nc3 Kb6 68. Nd5+ Kc6 69. Ne7+ Kd6 70. Nxg6 a4 71. h4 a3 72. Kb3 a2 73. Kxa2
gxh4 74. Nxh4 Ke5 75. Ng2 Kd4 76. Nxf4 Ke3 77. g5 1-0

[Event "SK Passeier-SK Naturns Jambo"]
[Site "?"]
[Date "2012.11.10"]
[Round "2.1"]
[White "Mukic, Josko"]
[Black "Pichler, Michael"]
[Result "1-0"]
[WhiteElo "2268"]
[BlackElo "1832"]
[PlyCount "89"]
[EventDate "2012.??.??"]

1. e4 c6 2. d4 d5 3. exd5 cxd5 4. Bf4 Nc6 5. c3 g6 6. Bd3 Bg7 7. Nd2 Nh6 8.
Ngf3 f6 9. O-O O-O 10. Re1 Nf7 11. Bb5 e5 12. Bxc6 exf4 13. Ba4 Bd7 14. Bxd7
Qxd7 15. Qb3 Rfe8 16. a4 Kh8 17. Qb5 Qc6 18. Nb3 Nd6 19. Qxc6 bxc6 20. Na5 Ne4
21. Nxc6 a5 22. b4 Nxc3 23. Rxe8+ Rxe8 24. Nxa5 Ra8 25. Ra3 Bf8 26. Rxc3 Bxb4
27. Rb3 Bxa5 28. Kf1 g5 29. Ke2 Kg7 30. Rb7+ Kg6 31. Rb2 g4 32. Nh4+ Kg5 33. g3
fxg3 34. hxg3 Bc3 35. Rb5 Rxa4 36. Rxd5+ Kh6 37. Rd7 Ra5 38. Kd3 Be1 39. Ke4
Bxf2 40. Nf5+ Kg5 41. Rg7+ Kh5 42. Rxh7+ Kg5 43. Rg7+ Kh5 44. Kf4 Be1 45. Rh7+
1-0

[Event "SK Passeier-SK Naturns Jambo"]
[Site "?"]
[Date "2012.11.10"]
[Round "2.2"]
[White "Innerhofer, Stefan"]
[Black "La Manna, Andrea"]
[Result "1/2-1/2"]
[WhiteElo "1550"]
[BlackElo "2193"]
[PlyCount "95"]
[EventDate "2012.??.??"]

1. f4 f5 2. Nf3 Nf6 3. e3 g6 4. b3 Bg7 5. Bb2 d6 6. Be2 e5 7. fxe5 Ng4 8. O-O
Nc6 9. Bb5 Bd7 10. Nc3 Ncxe5 11. Bxd7+ Qxd7 12. Na4 O-O-O 13. Nxe5 dxe5 14. Bc3
Qd6 15. h3 Nf6 16. d3 Nd5 17. Bd2 e4 18. d4 f4 19. c3 fxe3 20. Be1 h5 21. Qe2
Rde8 22. Nc5 c6 23. b4 Bh6 24. b5 Rhf8 25. Rxf8 Bxf8 26. c4 Nf4 27. Qxe3 Qxd4
28. Qxd4 Ne2+ 29. Kf1 Nxd4 30. Nb3 Nc2 31. Rc1 Nxe1 32. Rxe1 Bb4 33. Re2 Kc7
34. Kf2 Kd6 35. bxc6 bxc6 36. Ke3 a5 37. Kf4 a4 38. Nd4 Kc5 39. Rxe4 Bd2+ 40.
Kf3 Rxe4 41. Kxe4 Kxc4 42. Nxc6 Bc3 43. g4 hxg4 44. hxg4 Bf6 45. Ne5+ Kc3 46.
Nxg6 Kb2 47. Kd3 Kxa2 48. Kc2 1/2-1/2

[Event "SK Passeier-SK Naturns Jambo"]
[Site "?"]
[Date "2012.11.10"]
[Round "2.3"]
[White "Nicolodi, Raoul"]
[Black "Innerhofer, Hannes"]
[Result "1-0"]
[WhiteElo "1983"]
[BlackElo "1629"]
[PlyCount "89"]
[EventDate "2012.??.??"]

1. Nf3 b6 2. c4 Bb7 3. Nc3 e6 4. g3 Nf6 5. Bg2 Be7 6. O-O O-O 7. d4 d6 8. Re1
Ne4 9. Qc2 Nxc3 10. Qxc3 Nd7 11. e4 c5 12. b3 Qc7 13. Bb2 Bf6 14. Rad1 d5 15.
cxd5 exd5 16. e5 Bd8 17. e6 fxe6 18. Rxe6 Nf6 19. Nd2 Re8 20. Rxe8+ Nxe8 21.
Re1 Bf6 22. Nf3 Nd6 23. Qc2 Rc8 24. Rc1 Qe7 25. Re1 Qd7 26. Qd2 Qf5 27. Qe2 Re8
28. Qd1 Ne4 29. Qc2 Re7 30. dxc5 bxc5 31. Bxf6 Qxf6 32. Rd1 Qc3 33. Qxc3 Nxc3
34. Re1 Rxe1+ 35. Nxe1 Nxa2 36. Nd3 c4 37. bxc4 dxc4 38. Bxb7 cxd3 39. Bd5+ Kf8
40. Bxa2 Ke7 41. Kf1 Kd6 42. Bb1 h6 43. Bxd3 a5 44. Bc2 g5 45. Ke2 1-0

[Event "SK Passeier-SK Naturns Jambo"]
[Site "?"]
[Date "2012.11.10"]
[Round "2.4"]
[White "Pirpamer, Klaus"]
[Black "Fox, Jonas"]
[Result "0-1"]
[WhiteElo "1749"]
[BlackElo "1783"]
[PlyCount "68"]
[EventDate "2012.??.??"]

1. d4 e6 2. c4 f5 3. Nf3 Nf6 4. Nc3 d5 5. g3 c6 6. Bg2 Bd6 7. O-O O-O 8. b3
Nbd7 9. Bb2 Qe7 10. Rc1 Ne4 11. Nd2 Qf6 12. e3 Qh6 13. f4 Ndf6 14. Nf3 Bd7 15.
Qe1 Ng4 16. h3 Ngf6 17. Ne5 Be8 18. a3 Nd7 19. b4 Bxe5 20. dxe5 Nb6 21. Nxe4
fxe4 22. cxd5 cxd5 23. Bd4 Nc4 24. Bxe4 dxe4 25. Bc5 Nb2 26. Bxf8 Nd3 27. Qd2
Nxc1 28. Rxc1 Kxf8 29. Qd6+ Kg8 30. Kg2 Bc6 31. g4 Qg6 32. Rc4 Qe8 33. f5 exf5
34. gxf5 Rd8 0-1

[Event "SK Passeier-SK Naturns Jambo"]
[Site "?"]
[Date "2012.11.10"]
[Round "2.5"]
[White "Unterthurner, Hans"]
[Black "Fauster, Guenther"]
[Result "1-0"]
[WhiteElo "2029"]
[BlackElo "1605"]
[PlyCount "39"]
[EventDate "2012.??.??"]

1. e4 e6 2. d4 d5 3. Nc3 Nf6 4. Bg5 Be7 5. e5 Nfd7 6. Bxe7 Qxe7 7. f4 O-O 8.
Nf3 c5 9. Bd3 Nc6 10. Bxh7+ Kh8 11. Ng5 g6 12. Qg4 Kg7 13. h4 Nxd4 14. O-O-O
Rh8 15. h5 Nf5 16. hxg6 f6 17. Nf7 Rf8 18. Qh5 Rxf7 19. gxf7 fxe5 20. Qg6+ 1-0

[Event "SK Passeier-SK Naturns Jambo"]
[Site "?"]
[Date "2012.11.10"]
[Round "2.6"]
[White "Kofler, Josef"]
[Black "Naegele, Norbert"]
[Result "0-1"]
[WhiteElo "1564"]
[BlackElo "1786"]
[PlyCount "120"]
[EventDate "2012.??.??"]

1. e4 c5 2. Nf3 a6 3. d4 cxd4 4. Nxd4 Nf6 5. Bd3 e6 6. O-O Qc7 7. Nf3 d6 8. Re1
Nbd7 9. Bd2 Be7 10. Bc3 e5 11. Nbd2 O-O 12. Nb3 b6 13. Nh4 Re8 14. Nf5 Bf8 15.
Qd2 Nc5 16. Ng3 Bb7 17. Nxc5 dxc5 18. Bf1 Rad8 19. Qe2 g6 20. Rad1 Bg7 21. Bd2
h6 22. Bc3 b5 23. b3 Nh7 24. h4 h5 25. Nh1 Qe7 26. g3 Nf8 27. Ba5 Rxd1 28. Rxd1
Ne6 29. Bc3 Nd4 30. Bxd4 exd4 31. f3 f5 32. Bg2 fxe4 33. Re1 e3 34. Kh2 Be5 35.
f4 Bd6 36. Qd3 Be4 37. Bxe4 Qxe4 38. Qe2 Qe7 39. Qd3 Kg7 40. Qe2 Qe4 41. Kg1
Qd5 42. Kh2 c4 43. Rd1 Bb4 44. Nf2 Rd8 45. Nh3 Bc5 46. Ng5 d3 47. cxd3 cxd3 48.
Qb2+ Bd4 49. Qa3 Bf6 50. Qxa6 e2 51. Rc1 Rd7 52. Ne6+ Kf7 53. Ng5+ Ke7 54. Re1
b4 55. Qb6 Bxg5 56. hxg5 Qd6 57. Qe3+ Kf7 58. Qd2 Qd4 59. Rc1 Re7 60. Rc4 Qf2+
0-1

[Event "Wipptal Schach-SK Deutschnofen"]
[Site "?"]
[Date "2012.11.10"]
[Round "2.1"]
[White "Thurner, Markus"]
[Black "De Bettin, Sergio"]
[Result "1-0"]
[WhiteElo "1847"]
[BlackElo "1713"]
[PlyCount "55"]
[EventDate "2012.??.??"]

1. f4 d5 2. Nf3 g6 3. e3 Bg7 4. Be2 e6 5. O-O Nf6 6. Qe1 Nbd7 7. d3 b6 8. Nbd2
Bb7 9. Bd1 O-O 10. Qh4 Ne8 11. Qh3 Nd6 12. e4 dxe4 13. dxe4 Nxe4 14. Nxe4 Bxe4
15. Ng5 Nf6 16. Be3 Bb7 17. f5 exf5 18. Rf4 h6 19. Nf3 Nd5 20. Rd4 Qe7 21. Bd2
Bxd4+ 22. Nxd4 Qf6 23. c3 h5 24. Bxh5 Kg7 25. Rf1 Bc8 26. Bf3 Rh8 27. Qg3 c6
28. Bg5 1-0

[Event "Wipptal Schach-SK Deutschnofen"]
[Site "?"]
[Date "2012.11.10"]
[Round "2.2"]
[White "Sparber, Werner"]
[Black "Gibitz, Othmar"]
[Result "1/2-1/2"]
[WhiteElo "1642"]
[BlackElo "1592"]
[PlyCount "34"]
[EventDate "2012.??.??"]

1. d4 Nf6 2. c4 e6 3. Nc3 d5 4. e3 c5 5. Nf3 Nc6 6. Bd3 cxd4 7. exd4 dxc4 8.
Bxc4 h6 9. O-O Bd6 10. d5 exd5 11. Nxd5 O-O 12. h3 Bf5 13. Nd4 Nxd4 14. Qxd4
Nxd5 15. Bxd5 Be6 16. Rd1 Bxd5 17. Qxd5 Be5 1/2-1/2

[Event "Wipptal Schach-SK Deutschnofen"]
[Site "?"]
[Date "2012.11.10"]
[Round "2.3"]
[White "Hofer, Alois"]
[Black "Giorgione, Roberto"]
[Result "1-0"]
[WhiteElo "1559"]
[BlackElo "1444"]
[PlyCount "51"]
[EventDate "2012.??.??"]

1. d4 d5 2. c4 dxc4 3. e4 e6 4. Bxc4 Nf6 5. e5 Nd5 6. a3 a6 7. Ne2 c5 8. O-O
Nc6 9. Bxd5 Qxd5 10. Nbc3 Qd8 11. dxc5 Qxd1 12. Rxd1 Bxc5 13. Ne4 Be7 14. f4
O-O 15. Be3 f6 16. exf6 Bxf6 17. Nxf6+ gxf6 18. Rd6 e5 19. fxe5 fxe5 20. Ng3
Bf5 21. Bh6 Rf7 22. Rf1 Bg6 23. Rxf7 Bxf7 24. Rd7 Rb8 25. Ne4 Bg6 26. Nf6+ 1-0

[Event "Wipptal Schach-SK Deutschnofen"]
[Site "?"]
[Date "2012.11.10"]
[Round "2.4"]
[White "Saxl, Pietro"]
[Black "Mittermair, Alois"]
[Result "1-0"]
[WhiteElo "1335"]
[BlackElo "1502"]
[PlyCount "61"]
[EventDate "2012.??.??"]

1. e4 c5 2. Nf3 Nc6 3. Nc3 e6 4. Bb5 a6 5. Bxc6 bxc6 6. d3 Nf6 7. O-O Be7 8.
Be3 d5 9. Bf4 O-O 10. h3 Nh5 11. Bh2 f5 12. Ne5 Qe8 13. Kh1 Bb7 14. f3 f4 15.
Ng4 Bd6 16. e5 Bc7 17. Na4 Qe7 18. c3 Rab8 19. d4 cxd4 20. Qxd4 a5 21. Qc5 Qg5
22. Qd4 Rf5 23. Rfe1 Ba6 24. b3 Bd8 25. Qa7 Bb5 26. Qxb8 Ng3+ 27. Bxg3 fxg3 28.
Ne3 Rf4 29. Nc5 Rh4 30. Nxe6 Rxh3+ 31. gxh3 1-0

[Event "Wipptal Schach-SK Deutschnofen"]
[Site "?"]
[Date "2012.11.10"]
[Round "2.5"]
[White "Welsch, Ulrich"]
[Black "Saxl, Alexander"]
[Result "1-0"]
[WhiteElo "1381"]
[BlackElo "1459"]
[PlyCount "63"]
[EventDate "2012.??.??"]

1. d4 d5 2. c4 e6 3. Nf3 c5 4. g3 cxd4 5. Nxd4 Qa5+ 6. Nd2 Bc5 7. N4b3 Qb6 8.
Nxc5 Qxc5 9. Bg2 Ne7 10. b3 O-O 11. O-O Nd7 12. Bb2 Nb6 13. Rc1 dxc4 14. Nxc4
Nxc4 15. Rxc4 Qb5 16. Qd4 e5 17. Qxe5 Qxe5 18. Bxe5 Ng6 19. Bd4 Rb8 20. Bxa7
Ra8 21. Ra4 Re8 22. e3 Ne5 23. Rc1 Ng4 24. Rc7 Nh6 25. Bxb7 Bxb7 26. Rxb7 Red8
27. Rf4 Rd6 28. a4 f6 29. Rc4 Rd1+ 30. Kg2 Nf5 31. Rcc7 Rd2 32. e4 1-0

[Event "ASD Arci Scacchi-SK Passeier"]
[Site "?"]
[Date "2012.11.17"]
[Round "3.1"]
[White "Pichler, Michael"]
[Black "Preziuso, Toni"]
[Result "1-0"]
[WhiteElo "1832"]
[BlackElo "2108"]
[PlyCount "77"]
[EventDate "2012.??.??"]

1. e4 e5 2. Nf3 Nc6 3. Bb5 a6 4. Bxc6 dxc6 5. O-O Be7 6. Nxe5 Qd4 7. Nd3 Qxe4
8. Re1 Qf5 9. b4 Be6 10. Re5 Qf6 11. Bb2 Qh6 12. Rh5 Qg6 13. Nf4 Bg4 14. f3 Qd6
15. Be5 Qxb4 16. fxg4 Nf6 17. Rh3 O-O-O 18. Nc3 Rhe8 19. Rb1 Qc4 20. d3 Qc5+
21. d4 Qa5 22. Kh1 g5 23. Bxf6 Bxf6 24. Nfe2 Re7 25. Qd3 Rde8 26. Rf1 Re6 27.
Rxh7 Re3 28. Qf5+ Qxf5 29. gxf5 c5 30. Nd5 Rxe2 31. Nxf6 Re1 32. Kg1 Rxf1+ 33.
Kxf1 Rf8 34. dxc5 Kd8 35. Rg7 Rh8 36. Rg8+ Rxg8 37. Nxg8 Kd7 38. Kf2 Kc6 39.
Kf3 1-0

[Event "ASD Arci Scacchi-SK Passeier"]
[Site "?"]
[Date "2012.11.17"]
[Round "3.2"]
[White "Pichler, Klaus"]
[Black "Innerhofer, Stefan"]
[Result "1/2-1/2"]
[WhiteElo "1711"]
[BlackElo "1550"]
[PlyCount "111"]
[EventDate "2012.??.??"]

1. f4 d5 2. e3 g6 3. Nf3 Bg4 4. h3 Bxf3 5. Qxf3 Bg7 6. d4 e6 7. c4 Ne7 8. Nc3
Nbc6 9. Rb1 dxc4 10. Bxc4 Nf5 11. Bb5 Qh4+ 12. Qf2 Qxf2+ 13. Kxf2 Nfe7 14. Bd2
O-O 15. Ne4 Rfd8 16. Rhd1 a6 17. Be2 Na7 18. Nc5 Rab8 19. Bf3 Nd5 20. g4 Nb5
21. Rbc1 c6 22. Kg3 Nf6 23. b3 Nd7 24. Ba5 Nxc5 25. Bxd8 Nxb3 26. axb3 Rxd8 27.
h4 Bf8 28. Rc2 Bb4 29. Kf2 Na3 30. Ra2 Nb5 31. Rh1 Kg7 32. h5 Nc3 33. Rc2 Nb5
34. h6+ Kf6 35. Rc4 Bf8 36. g5+ Ke7 37. Bxc6 bxc6 38. Rxc6 Ra8 39. Ra1 Kd7 40.
Rcxa6 Rxa6 41. Rxa6 Nc7 42. Rb6 Kc8 43. Kf3 Nd5 44. Rc6+ Kd7 45. Ra6 Nc7 46.
Rb6 Kc8 47. Ke4 Be7 48. Ke5 Nd5 49. Rxe6 fxe6 50. Kxe6 Bxg5 51. fxg5 Nxe3 52.
Kf7 Kd7 53. Kg7 Ke7 54. Kxh7 Kf7 55. Kh8 Nd5 56. Kh7 1/2-1/2

[Event "ASD Arci Scacchi-SK Passeier"]
[Site "?"]
[Date "2012.11.17"]
[Round "3.3"]
[White "Innerhofer, Hannes"]
[Black "Pollana, Marco"]
[Result "1-0"]
[WhiteElo "1629"]
[BlackElo "1766"]
[PlyCount "100"]
[EventDate "2012.??.??"]

1. e4 Nc6 2. Nf3 g6 3. c3 d5 4. exd5 Qxd5 5. Be2 e5 6. O-O Bg7 7. d3 Nge7 8.
Nbd2 Bf5 9. Qb3 Qxb3 10. Nxb3 O-O-O 11. Ng5 Rdf8 12. Be3 b6 13. Rad1 h6 14. Ne4
Be6 15. f4 f5 16. Ng3 Nd5 17. Bc1 exf4 18. Bxf4 Nxf4 19. Rxf4 a5 20. d4 Bf7 21.
Rff1 Nb8 22. Bd3 c6 23. Nc1 Nd7 24. a3 Kc7 25. Bc2 h5 26. Rfe1 Re8 27. Bb3 Bxb3
28. Nxb3 a4 29. Nc1 Nf6 30. Nd3 h4 31. Ne2 Ng4 32. Nef4 Ne3 33. Rd2 g5 34. Ng6
Rh6 35. Nge5 Ng4 36. Nxg4 Rxe1+ 37. Nxe1 fxg4 38. Re2 Kd6 39. Nc2 Re6 40. Ne3
Kc7 41. Nd5+ Kd6 42. Rxe6+ Kxe6 43. Nxb6 Kd6 44. Nxa4 Kd5 45. Nb6+ Kd6 46. b4
Bf6 47. a4 Kc7 48. a5 Be7 49. Nc4 Kb7 50. Kf2 Bd8 1-0

[Event "ASD Arci Scacchi-SK Passeier"]
[Site "?"]
[Date "2012.11.17"]
[Round "3.4"]
[White "D'Ambrosio, Luca"]
[Black "Pirpamer, Klaus"]
[Result "1-0"]
[WhiteElo "1748"]
[BlackElo "1749"]
[PlyCount "81"]
[EventDate "2012.??.??"]

1. d4 Nf6 2. Nf3 e6 3. Bg5 d5 4. e3 c5 5. c4 cxd4 6. exd4 Bb4+ 7. Nbd2 O-O 8.
a3 Be7 9. c5 Nbd7 10. b4 Qc7 11. Bd3 e5 12. dxe5 Nxe5 13. Bc2 Bg4 14. O-O Ne4
15. Bxe7 Nxd2 16. Qxd2 Qxe7 17. Nxe5 Qxe5 18. Rae1 Qh5 19. Re3 Rfd8 20. Qd4 Be6
21. Rd1 Rac8 22. Rg3 g6 23. Bb3 Rc7 24. Qf6 Rcd7 25. Rd4 Qf5 26. Qxf5 Bxf5 27.
Re3 Kf8 28. Re5 Be6 29. f4 h5 30. Kf2 Ke7 31. h3 f6 32. Re2 Kf7 33. Red2 g5 34.
Ba4 Rc7 35. Kf3 g4+ 36. hxg4 Bxg4+ 37. Kf2 Be6 38. Bb3 Rcd7 39. Bd1 Kg6 40.
Bc2+ Kf7 41. f5 1-0

[Event "ASD Arci Scacchi-SK Passeier"]
[Site "?"]
[Date "2012.11.17"]
[Round "3.5"]
[White "Fauster, Guenther"]
[Black "Rinaldo, Gaetano"]
[Result "1-0"]
[WhiteElo "1605"]
[BlackElo "1607"]
[PlyCount "63"]
[EventDate "2012.??.??"]

1. d4 Nf6 2. c4 e6 3. Nc3 Bb4 4. Qc2 c5 5. e3 Nc6 6. Nf3 d6 7. Be2 O-O 8. O-O
Qe7 9. a3 Ba5 10. Rd1 a6 11. b3 b6 12. Na2 d5 13. cxd5 exd5 14. b4 cxb4 15.
Qxc6 Bd7 16. Qc2 bxa3 17. Qb3 Rfc8 18. Bxa3 Qe8 19. Rdc1 Ba4 20. Qb2 Ne4 21.
Bb4 Bxb4 22. Nxb4 Qd7 23. Ne5 Rxc1+ 24. Rxc1 Qb7 25. Qa2 b5 26. Qxd5 Qxd5 27.
Nxd5 Bb3 28. Nc7 Rc8 29. Nc6 a5 30. Ne7+ Kf8 31. Nxc8 a4 32. Nxb5 1-0

[Event "ASD Arci Scacchi-SK Passeier"]
[Site "?"]
[Date "2012.11.17"]
[Round "3.6"]
[White "Adzic, Ranko"]
[Black "Kofler, Josef"]
[Result "1-0"]
[WhiteElo "1800"]
[BlackElo "1564"]
[PlyCount "79"]
[EventDate "2012.??.??"]

1. c4 c5 2. Nc3 Nc6 3. g3 g6 4. Bg2 Bg7 5. Nf3 Nf6 6. O-O O-O 7. d3 d6 8. a3 a6
9. Rb1 Nd7 10. Bd2 Rb8 11. b4 cxb4 12. axb4 Nde5 13. b5 axb5 14. Nxe5 Nxe5 15.
Nxb5 Nc6 16. Qc1 Bf5 17. Bc3 Qd7 18. Bxg7 Kxg7 19. Re1 Rfc8 20. Qc3+ f6 21. Rb2
Be6 22. Reb1 Nd8 23. Qd4 Rc5 24. Nc3 Nc6 25. Qe3 Nd8 26. Rb6 Re5 27. Qd4 Ra5
28. Nb5 Ra2 29. Qe3 Bg4 30. Bf3 Bxf3 31. Qxf3 Ra6 32. Nc3 Rxb6 33. Rxb6 Ra8 34.
Nd5 Ra6 35. Rb1 Ra2 36. Kg2 Kf7 37. h4 h5 38. Nc3 Nc6 39. Qd5+ Kf8 40. c5 1-0

[Event "CSK Merania-ASK Niederdorf"]
[Site "?"]
[Date "2012.11.17"]
[Round "3.1"]
[White "Obersteiner, Stefan"]
[Black "Hellweger, Stefan"]
[Result "1/2-1/2"]
[WhiteElo "1731"]
[BlackElo "1497"]
[PlyCount "64"]
[EventDate "2012.??.??"]

1. c4 e5 2. Nc3 Nf6 3. e3 Be7 4. b3 d5 5. cxd5 Nxd5 6. Bb2 O-O 7. Nf3 Nxc3 8.
Bxc3 e4 9. Nd4 Bf6 10. Qc2 c5 11. Ne2 Bxc3 12. Nxc3 Re8 13. Nxe4 Bf5 14. d3
Bxe4 15. dxe4 b6 16. Bc4 Nc6 17. a3 Ne5 18. Bd5 Rc8 19. O-O Qh4 20. h3 Rcd8 21.
f4 Nd7 22. Qc4 Rf8 23. e5 Rb8 24. Bxf7+ Rxf7 25. e6 Re7 26. exd7+ Kh8 27. Rad1
Rxe3 28. b4 Rd8 29. bxc5 Rxh3 30. gxh3 Qg3+ 31. Kh1 Qxh3+ 32. Kg1 Qg3+ 1/2-1/2

[Event "CSK Merania-ASK Niederdorf"]
[Site "?"]
[Date "2012.11.17"]
[Round "3.2"]
[White "Ladurner, Hans"]
[Black "Schmidhofer, Josef"]
[Result "0-1"]
[WhiteElo "1564"]
[BlackElo "1510"]
[PlyCount "91"]
[EventDate "2012.??.??"]

1. e4 c5 2. g3 Nc6 3. Bg2 d6 4. Ne2 Bd7 5. d3 g6 6. c3 Bg7 7. O-O Nf6 8. f4 O-O
9. Nd2 Rc8 10. Nc4 b5 11. Ne3 b4 12. Qc2 a5 13. Bd2 bxc3 14. Bxc3 Nd4 15. Qd2
Nxe2+ 16. Qxe2 Bc6 17. Qd2 a4 18. Ba5 Qe8 19. Rac1 Bb5 20. Nc4 Ng4 21. h3 Bd4+
22. Kh1 Bxc4 23. dxc4 Be3 24. Qe2 Bxc1 25. hxg4 Bxb2 26. Qxb2 Rb8 27. Qd2 Qd7
28. f5 f6 29. g5 Kg7 30. Bc3 Rb7 31. Qf4 Ra7 32. Qh4 e5 33. fxg6 hxg6 34. Qh6+
Kg8 35. Qxg6+ Qg7 36. Rxf6 Rxf6 37. Qxf6 Qxf6 38. gxf6 Kf7 39. Bh3 Kxf6 40. Kg2
Rb7 41. Kf3 Rb1 42. Ke3 Rg1 43. Kf2 Rc1 44. Ba5 Rxc4 45. Bc8 Ke7 46. Ke3 0-1

[Event "CSK Merania-ASK Niederdorf"]
[Site "?"]
[Date "2012.11.17"]
[Round "3.3"]
[White "Kamelger, Ewald"]
[Black "Maestri, Alessandro"]
[Result "0-1"]
[WhiteElo "1200"]
[BlackElo "1483"]
[PlyCount "72"]
[EventDate "2012.??.??"]

1. e4 c6 2. Nf3 d5 3. Bd3 Bg4 4. O-O e6 5. exd5 cxd5 6. Be2 Nf6 7. d3 h6 8. Ne5
Bxe2 9. Qxe2 Bd6 10. d4 O-O 11. Nc3 a6 12. f3 Nbd7 13. Bf4 Qb6 14. Qe3 Rac8 15.
Nxd7 Nxd7 16. Bxd6 Qxd6 17. a3 Qb6 18. b4 Qc6 19. Ne2 Qxc2 20. Rac1 Qg6 21.
Rxc8 Rxc8 22. Rc1 Rc4 23. Nc3 b5 24. Ne2 Nb6 25. Nf4 Qf6 26. Ne2 Na4 27. Rxc4
dxc4 28. Nc3 Nb2 29. Ne4 Qd8 30. Nc3 Nd3 31. Ne4 a5 32. Nf2 Nb2 33. Qd2 Na4 34.
Nd1 axb4 35. axb4 Qd6 36. Nb2 c3 0-1

[Event "CSK Merania-ASK Niederdorf"]
[Site "?"]
[Date "2012.11.17"]
[Round "3.4"]
[White "Mucci, Angelo"]
[Black "Girardelli, Daniel"]
[Result "1-0"]
[WhiteElo "1531"]
[BlackElo "1398"]
[PlyCount "109"]
[EventDate "2012.??.??"]

1. e4 e5 2. Nc3 Nc6 3. Bc4 Nf6 4. d3 Bc5 5. Bg5 h6 6. Bh4 d6 7. h3 O-O 8. Nd5
Bd7 9. Bxf6 gxf6 10. Qh5 Kg7 11. Ne2 f5 12. exf5 Qg5 13. Ng3 Nb4 14. Qxg5+ hxg5
15. Nxb4 Bxb4+ 16. c3 Bc5 17. Nh5+ Kh6 18. g4 Bxf5 19. Nf6 Bc8 20. f3 Kg6 21.
Ne4 Bb6 22. O-O-O Rd8 23. Bb3 Be3+ 24. Kb1 f5 25. Ng3 b6 26. Bd5 Rb8 27. d4 Bf4
28. Ne2 Be3 29. dxe5 dxe5 30. Bf7+ Kxf7 31. Rxd8 Bc5 32. Rhd1 f4 33. Rh8 Bf8
34. Rh7+ Bg7 35. h4 Be6 36. hxg5 Kg6 37. Rhh1 Kxg5 38. Nc1 Re8 39. Nd3 e4 40.
Rh5+ Kf6 41. Nxf4 exf3 42. Nxe6 Rxe6 43. Rf5+ Ke7 44. Rxf3 Bh6 45. Rdf1 Kd6 46.
Rf6 Bg7 47. Rxe6+ Kxe6 48. Kc2 c5 49. Kd3 b5 50. b3 a5 51. Rf5 Be5 52. Rf1 Bf6
53. c4 b4 54. Ke4 Be7 55. Rf5 1-0

[Event "CSK Merania-ASK Niederdorf"]
[Site "?"]
[Date "2012.11.17"]
[Round "3.5"]
[White "Haspinger, Hartmann"]
[Black "Degaudenz, Fabio"]
[Result "1-0"]
[WhiteElo "1349"]
[BlackElo "1245"]
[PlyCount "91"]
[EventDate "2012.??.??"]

1. d4 Nf6 2. c4 g6 3. Nc3 Bg7 4. Nf3 d6 5. e3 Bg4 6. h3 Bd7 7. Bd3 Nc6 8. a3
O-O 9. O-O e5 10. d5 Ne7 11. e4 Nh5 12. Be2 Nf4 13. Bxf4 exf4 14. Nh2 f5 15.
exf5 Bxf5 16. Bg4 Qd7 17. Qf3 g5 18. Rfe1 Ng6 19. Ne4 Ne5 20. Qe2 h6 21. Rac1
Rae8 22. Bh5 Bg6 23. Bxg6 Nxg6 24. Ng4 Qf5 25. f3 h5 26. Ngf2 Ne5 27. Nd3 Nxd3
28. Qxd3 Kh8 29. Rc2 g4 30. fxg4 hxg4 31. Rce2 Be5 32. c5 Rg8 33. cxd6 cxd6 34.
Nf2 Qg5 35. Nxg4 Rg7 36. Qf3 Rge7 37. Qf2 Rg8 38. b3 b6 39. Qf3 Rge8 40. Kh1
Rc8 41. Nxe5 dxe5 42. d6 Re6 43. Qd5 Qg6 44. Rxe5 Rxd6 45. Rh5+ Kg7 46. Re7+
1-0

[Event "Groeden II-SG Tramin/Kaltern II"]
[Site "?"]
[Date "2012.11.17"]
[Round "3.1"]
[White "Unterkofler, Alex"]
[Black "Kazazi, Rifat"]
[Result "1-0"]
[WhiteElo "1657"]
[BlackElo "1674"]
[PlyCount "99"]
[EventDate "2012.??.??"]

1. e4 e6 2. d4 d5 3. e5 c5 4. c3 Nc6 5. Nf3 Qb6 6. Be2 Nge7 7. Na3 cxd4 8. cxd4
Nf5 9. Nc2 Bb4+ 10. Kf1 Bd7 11. a3 Be7 12. b4 a6 13. h4 Qd8 14. g3 Na7 15. Nce1
Rc8 16. Ng2 h5 17. Ng5 Bb5 18. Nf4 Bxg5 19. hxg5 h4 20. Kg2 Bxe2 21. Nxe2 Nb5
22. g4 Ne7 23. Qd3 Qc7 24. Bd2 Qc2 25. Rh3 Ng6 26. a4 Na7 27. Qe3 Qc6 28. f4
Qd7 29. Qd3 Ne7 30. Nc3 Rc4 31. b5 Nac8 32. Rah1 Ng6 33. bxa6 bxa6 34. f5 Nf8
35. Rxh4 Rxh4 36. Rxh4 Ne7 37. Ne4 Nc8 38. Nc5 Qc6 39. Rh8 Ne7 40. g6 exf5 41.
gxf5 Rxc5 42. gxf7+ Kxf7 43. dxc5 Qxa4 44. Qf3 Qc2 45. Qh5+ g6 46. fxg6+ Qxg6+
47. Qxg6+ Nexg6 48. c6 Ne7 49. c7 Nc8 50. Bb4 1-0

[Event "Groeden II-SG Tramin/Kaltern II"]
[Site "?"]
[Date "2012.11.17"]
[Round "3.3"]
[White "Stadler, Helmuth"]
[Black "Taschler, Manuel"]
[Result "1-0"]
[WhiteElo "1661"]
[BlackElo "1550"]
[PlyCount "21"]
[EventDate "2012.??.??"]

1. e4 e5 2. Nc3 Nf6 3. f4 d6 4. Nf3 Nc6 5. Bc4 Bg4 6. d3 Na5 7. fxe5 dxe5 8.
Bxf7+ Ke7 9. Nd5+ Nxd5 10. Bxd5 Kd7 11. Nxe5+ 1-0

[Event "Groeden II-SG Tramin/Kaltern II"]
[Site "?"]
[Date "2012.11.17"]
[Round "3.4"]
[White "Goller, Bruno"]
[Black "Sanin, Wilfried"]
[Result "1-0"]
[WhiteElo "1455"]
[BlackElo "1503"]
[PlyCount "71"]
[EventDate "2012.??.??"]

1. c4 g6 2. Nc3 Bg7 3. g3 c6 4. Bg2 d6 5. d4 Nf6 6. Nf3 Bg4 7. O-O Bxf3 8. Bxf3
O-O 9. Rb1 e6 10. b4 d5 11. c5 b5 12. cxb6 Qxb6 13. e3 Nbd7 14. Na4 a5 15. Nxb6
Nxb6 16. bxa5 Nc4 17. Bd2 Nxa5 18. Bxa5 Rxa5 19. Qd2 Rfa8 20. Qc2 Rc8 21. Qd2
Raa8 22. Rfc1 Rc7 23. Rb6 Rac8 24. Rcb1 Nd7 25. Rb7 c5 26. dxc5 Nxc5 27. Rxc7
Rxc7 28. Rb8+ Bf8 29. Qa5 Rd7 30. Qxc5 Kg7 31. Qxf8+ Kf6 32. a4 h5 33. a5 Ra7
34. Be2 Ke5 35. a6 f5 36. Rb7 1-0

[Event "Groeden II-SG Tramin/Kaltern II"]
[Site "?"]
[Date "2012.11.17"]
[Round "3.5"]
[White "Steinegger, Elmar"]
[Black "Moroder, Richard"]
[Result "1-0"]
[WhiteElo "1427"]
[BlackElo "1413"]
[PlyCount "99"]
[EventDate "2012.??.??"]

1. d4 Nf6 2. c4 e6 3. Nc3 Be7 4. Nf3 d6 5. e3 O-O 6. Bd3 Bd7 7. Qc2 h6 8. h3
Bc6 9. e4 Bd7 10. Be3 Nc6 11. a3 b6 12. g4 e5 13. d5 Na5 14. g5 hxg5 15. Bxg5
Nh7 16. Bxe7 Qxe7 17. O-O-O Nb7 18. Rdg1 Nc5 19. Rg3 g6 20. b4 Nxd3+ 21. Qxd3
Qf6 22. Kb2 Rfe8 23. Qe3 Qf4 24. Qxf4 exf4 25. Rg2 c6 26. Nd2 Kg7 27. h4 Nf6
28. f3 Nh5 29. Rgg1 Rg8 30. Ne2 Kf6 31. Nb3 cxd5 32. cxd5 Rac8 33. Nbd4 a6 34.
Kb3 a5 35. b5 Rc7 36. Rg5 Rh8 37. a4 Rcc8 38. Rg2 Ke7 39. Rgh2 Kf8 40. Nc6 Ke8
41. Kb2 Rc7 42. Ned4 Ng3 43. Rg1 Rh6 44. Nb3 g5 45. h5 f6 46. Nbd4 Bxc6 47.
bxc6 Rxh5 48. Rxh5 Nxh5 49. Nb5 Rc8 50. Nxd6+ 1-0